000 00222 a2200097 4500
001 30506
100 _aThompson
245 _aAn Introduction to Univ Lib Admn
260 _aLondon
_bClive Bingley
_c
090 _c20439
_d20439
942 _aNUST-CAE
_cM
_c11602
999 _c265579
_d265579